The application of mathematical modelling to process development and design /

Bibliographic Details
Main Author: Rose, L. M., 1935-
Format: Book
Language:English
Published: New York : Wiley, [1974]
Subjects:

MARC

Tag First Indicator Second Indicator Subfields
LEADER 00000pam a2200000 4500
001 in00000099962
005 20150926125641.0
008 740723s1974 nyua b 00110 eng
010 |a  74014543  
020 |a 0470733519 
035 |a (OCoLC)00995133 
035 |9 AAL4125AM 
040 |a DLC  |c DLC  |d TXA  |d UtOrBLW 
049 |a TXAM  |c [1234667] 
050 0 0 |a TP155.7  |b .R67 1974 
082 0 |a 660.2/8/00184 
100 1 |a Rose, L. M.,  |d 1935- 
245 1 4 |a The application of mathematical modelling to process development and design /  |c [by] L. M. Rose. 
264 1 |a New York :  |b Wiley,  |c [1974] 
300 |a xiii, 364 pages :  |b illustrations ;  |c 23 cm. 
336 |a text  |b txt  |2 rdacontent 
337 |a unmediated  |b n  |2 rdamedia 
338 |a volume  |b nc  |2 rdacarrier 
500 |a "A Halsted Press book." 
504 |a Includes bibliographical references. 
650 0 |a Chemical processes  |x Mathematical models. 
999 |a MARS 
999 f f |s 4e1ad540-581b-37b8-8834-da2f6db4894c  |i d9f887a4-880f-36ea-be1b-b6546701be2b  |t 0 
952 f f |p ric  |a Texas A&M University  |b Rellis Campus  |c Joint Library Facility  |d Remote Storage  |t 0  |e TP155.7 .R67 1974  |h Library of Congress classification  |i unmediated -- volume  |m A14805597431 
998 f f |a TP155.7 .R67 1974  |t 0  |l Remote Storage